The future of law. Facing the challenges of information technology.

Guardat en:
Dades bibliogràfiques
Autor principal: Susskind, Richard
Format: Desconegut
Idioma:anglès
Publicat: Oxford, United Kingdom Oxford University Press 1998
Matèries:
Etiquetes: Afegir etiqueta
Sense etiquetes, Sigues el primer a etiquetar aquest registre!

MARC

LEADER 00000 a2200000 4500
003 CL-VaPUC
005 20220921074435.0
008 210528b ||||| |||| 00| 0 eng d
999 |c 432293  |d 432291 
020 |a 9780198764960 
040 |c Pontificia Universidad Católica de Valparaíso 
082 |a 340.0285 SUS 1998 
100 |a Susskind, Richard  |9 858466 
245 |a The future of law.   |b  Facing the challenges of information technology. 
260 |a Oxford, United Kingdom   |b Oxford University Press  |c 1998 
300 |a 309 páginas  
583 |k Cristina Rojas  |c 20210528 
650 0 |a Ley  |9 295558  |x Automatización  
650 0 |a Administración de justicia  |x Automatización   |9 382749 
650 0 |a Tecnología de la información   |9 254825 
942 |2 ddc  |c BK 
952 |0 0  |1 0  |2 ddc  |4 0  |6 340_028500000000000_SUS_1998  |7 0  |8 A  |9 577931  |a BIBDER  |b BIBDER  |d 2021-05-28  |e 74  |g 56832.00  |i 5583527  |o 340.0285 SUS 1998  |p 5583527  |r 2023-01-25  |t 1  |v 56832.00  |w 2021-05-28  |y BK  |k DER